000 01091nam a2200253Ia 4500
001 262-LOH ge di (13365)
003 IT-MiSPE
008 171229s9999||||xx |||||||||||||| ||und||
040 _aIT-MiSPE
_cIT-MiSPE
041 _aITALIANO
100 _aGerhard Lohfink
240 _aBraucht Gott die Kirche?
245 0 _aDio ha bisogno della Chiesa?
_bSulla teologia del popolo di Dio
250 _a1a ed. (v)
260 _aCinisello B.mo
_bSan Paolo
_c1999
300 _a372 p.
_c23 cm
490 _aL'abside
_v25
500 _aEcclesiologia
501 _aEdizioni San Paolo srl - Piazza Soncino, 5 - 20092 CINISELLO BALSAMO (MI) (non commercial uses only) ® Copyright 2018
700 _aBruno Gonella
_g(traduzione)
942 _cBK
957 _71
999 _a12652
_bNO
_g Copie: 1
_c344614
_d344614